|
|
|
|
| LEADER |
03697nam a2200637 4500 |
| 001 |
ocm63020317 |
| 003 |
OCoLC |
| 005 |
20180501121908.0 |
| 006 |
m o d |
| 007 |
cr cnu---uuuuu |
| 008 |
030117s2003 ne ac ob 001 0 eng d |
| 040 |
|
|
|a YUM
|b eng
|e pn
|c YUM
|d N$T
|d YDXCP
|d IDEBK
|d E7B
|d OCLCQ
|d MERUC
|d OPELS
|d OCLCQ
|d OPELS
|d OCLCF
|d OCLCQ
|d EBLCP
|d DEBSZ
|d OCLCQ
|d OCLCA
|d UAB
|d OCLCQ
|d OCLCO
|d OCLCQ
|d GrThAP
|
| 019 |
|
|
|a 156876170
|a 171114431
|a 648303085
|a 808614903
|a 823826855
|a 823895756
|a 824088395
|a 824134828
|
| 020 |
|
|
|a 9780080490885
|q (electronic bk.)
|
| 020 |
|
|
|a 0080490883
|q (electronic bk.)
|
| 020 |
|
|
|a 0121531546
|q (electronic bk.)
|
| 020 |
|
|
|a 9780121531546
|q (electronic bk.)
|
| 020 |
|
|
|a 1281005045
|
| 020 |
|
|
|a 9781281005045
|
| 035 |
|
|
|a (OCoLC)63020317
|z (OCoLC)156876170
|z (OCoLC)171114431
|z (OCoLC)648303085
|z (OCoLC)808614903
|z (OCoLC)823826855
|z (OCoLC)823895756
|z (OCoLC)824088395
|z (OCoLC)824134828
|
| 050 |
|
4 |
|a QL951
|b .C8 vol. 54
|
| 060 |
|
4 |
|a W1
|b CU82G v.54 2003
|
| 060 |
|
4 |
|a QU 136
|b C393 2003
|
| 070 |
|
|
|a QL951
|b .C8 v. 54
|
| 072 |
|
7 |
|a SCI
|x 007000
|2 bisacsh
|
| 072 |
|
7 |
|a PSC
|2 bicssc
|
| 082 |
0 |
4 |
|a 572.76
|2 22
|
| 049 |
|
|
|a TEFA
|
| 245 |
0 |
0 |
|a Cell surface proteases /
|c edited by Stanley Zucker and Wen-Tien Chen.
|
| 260 |
|
|
|a Amsterdam ;
|a Boston :
|b Academic Press,
|c ©2003.
|
| 300 |
|
|
|a 1 online resource (xii, 452 pages) :
|b illustrations, portrait.
|
| 336 |
|
|
|a text
|b txt
|2 rdacontent
|
| 337 |
|
|
|a computer
|b c
|2 rdamedia
|
| 338 |
|
|
|a online resource
|b cr
|2 rdacarrier
|
| 490 |
1 |
|
|a Current topics in developmental biology ;
|v v. 54
|
| 550 |
|
|
|a Made available through: Science Direct.
|
| 504 |
|
|
|a Includes bibliographical references and index.
|
| 505 |
0 |
|
|a Membrane Type-Matrix Metalloproteinases (MT-MMP) -- Surface Association of Secreted Matrix Metalloproteinases -- Biochemical Properties and Functions of Membrane-Anchored Metalloprotease-Disintegrin Proteins (ADAMs) -- Shedding of Plasma Membrane Proteins -- Expression of Meprins in Health and Disease -- Type II Transmembrane Serine Proteases -- DPPIV, Seprase, and Related Serine Peptidases in Multiple Cellular Functions -- The Secretases of Alzheimer's Disease -- Plasminogen Activation at the Cell Surface -- Cell-Surface Cathepsin B: Understanding its Functional Significance -- Proteasse-Activated Receptors -- Emmprin (CD147), a Cell Surface Regulator of Matrix Metalloproteinase Production and Function -- The Evolving Roles of Cell Surface Proteases in Health and Disease: Implications for Developmental, Adaptive, Inflammatory, and Neoplastic Processes -- Shed Membrane Vesicles and Clustering of Membrane-Bound Proteolytic Enzymes.
|
| 520 |
|
|
|a Thematic volume devoted to a key topic in Current Topics in Developmental Biology series.
|
| 650 |
|
0 |
|a Proteolytic enzymes.
|
| 650 |
|
0 |
|a Cell membranes.
|
| 650 |
1 |
2 |
|a Endopeptidases
|x metabolism.
|0 (DNLM)D010450Q000378
|
| 650 |
2 |
2 |
|a Cell Membrane
|x enzymology.
|0 (DNLM)D002462Q000201
|
| 650 |
2 |
2 |
|a Metalloendopeptidases
|x metabolism.
|0 (DNLM)D008666Q000378
|
| 650 |
2 |
2 |
|a Peptide Hydrolases
|x metabolism.
|0 (DNLM)D010447Q000378
|
| 650 |
|
7 |
|a SCIENCE
|x Life Sciences
|x Biochemistry.
|2 bisacsh
|
| 650 |
|
7 |
|a Cell membranes.
|2 fast
|0 (OCoLC)fst00850194
|
| 650 |
|
7 |
|a Proteolytic enzymes.
|2 fast
|0 (OCoLC)fst01079783
|
| 650 |
1 |
7 |
|a Proteïnasen.
|2 gtt
|
| 650 |
1 |
7 |
|a Membranen.
|2 gtt
|
| 655 |
|
4 |
|a Electronic books.
|
| 700 |
1 |
|
|a Zucker, Stanley.
|
| 700 |
1 |
|
|a Chen, Wen-Tien.
|
| 776 |
0 |
8 |
|i Print version:
|t Cell surface proteases (print)
|w (OCoLC)52472012
|
| 830 |
|
0 |
|a Current topics in developmental biology ;
|v v. 54.
|
| 856 |
4 |
0 |
|u https://www.sciencedirect.com/science/bookseries/00702153/54
|z Full Text via HEAL-Link
|